00645nab a2200181 4500001000700000003000400007005001700011007000300028008001900031040002100050245022400071264000900295653002100304653002100325773008900346942000900435999001900444244442OSt20241008120436.0tu200917s2020||||||| aDE-2950cDE-295000aSpielwaren Kluge schließt im Herbst endgültigbEinzelhandel. Für viele Familien in Frankfurt ist das Spielwaren- und Kinderwagengeschäft Kluge ein beliebter Anlaufpunkt. Doch bald ist Schluss/cPhilipp Stepputtis c2024 aFrankfurt (Oder) aSpielwaren Kluge0 g35. Jahrgang (2024) Nr. 230 vom 01.10.2024, S. 15 mit FototMärkische Oderzeitung 2zcA c373391d373391